| 000 | 00486nam a2200193Ia 4500 | ||
|---|---|---|---|
| 003 | OSt | ||
| 005 | 20260305153647.0 | ||
| 008 | 250729s1986 xx 000 0 und d | ||
| 020 | _a978-0132956680 | ||
| 040 | _cAL | ||
| 041 | _aeng | ||
| 082 | _a500 SHAE | ||
| 100 |
_aShannono dunn M S _9229879 |
||
| 245 | _aExploring geology - introductory laboratry activities | ||
| 260 |
_aPaloalto, C A _bT.H.Peek _c1986 |
||
| 300 | _a292p | ||
| 650 |
_aScience _9229880 |
||
| 942 |
_2ddc _cBED |
||
| 999 |
_c238502 _d238502 |
||